Personnages Nintendo par Émoji - Statistiques

Statistiques générales
  • Ce quiz a été pris 370 fois
  • Le résultat moyen est 8 sur 20
Statistiques - réponses
Émojis Personnage % Correct
💊 👨‍🔬 Dr. Mario
100%
👨‍🔧 🔴 Mario
100%
👩 🍑 👑 Peach
98%
🐵 🍌 Donkey Kong
76%
👑 🎼 📵 👩 Zelda
58%
👨 👩 🐙 🔫 🎨 Inkling
34%
🐺 🔫 🌠 Wolf
34%
🐻 💰 ⛪ Tom Nook
33%
🐊 👑 🍌 King K. Rool
32%
✴️ 🗾 🐁 🍋 ⚡ Pikachu
32%
👨‍🚀 🔋 🌹 Olimar
31%
💰 🌰 👨 👙 👚 Wario
31%
👩‍🚀 🐙 Samus
27%
🌳 🌺 🌳 Kirby
24%
⚾ 👦 Ness
24%
🌜 👨 🍒 👻 Pac-Man
23%
👨 💪 ✊ 🍀 🏆 Little Mac
14%
🐢 🔵 🔫 Tortank
13%
☺️  ⛏️ ⚒️ 💣 ⚔️ ⬛ Mr. Game and Watch
3%
⚔️ 📵 🐉 👨 👩 🏰 Alear
1%
Aucun quiz correspondant
Distribution des résultats
% des personnes avec chaque résultat
Percentile par nombre de réponses
Votre historique - résultats
Vous n’avez pas pris ce quiz